Basic Language Of Mathematics (Record no. 344302)
[ view plain ]
| 000 -LEADER | |
|---|---|
| fixed length control field | 00469nam a2200169Ia 4500 |
| 008 - FIXED-LENGTH DATA ELEMENTS--GENERAL INFORMATION | |
| fixed length control field | 230718s9999 xx 000 0 und d |
| 020 ## - INTERNATIONAL STANDARD BOOK NUMBER | |
| International Standard Book Number | 9789814596091 |
| 041 ## - LANGUAGE CODE | |
| Language code of text/sound track or separate title | eng |
| 082 ## - DEWEY DECIMAL CLASSIFICATION NUMBER | |
| Classification number | 510 |
| Item number | SCH |
| 100 ## - MAIN ENTRY--PERSONAL NAME | |
| Personal name | Schaffer J.J. |
| 245 ## - TITLE STATEMENT | |
| Title | Basic Language Of Mathematics |
| 260 ## - PUBLICATION, DISTRIBUTION, ETC. (IMPRINT) | |
| Date of publication, distribution, etc. | 2014 |
| Name of publisher, distributor, etc. | World Scientific |
| 300 ## - PHYSICAL DESCRIPTION | |
| Extent | 310 |
| Accompanying material [OBSOLETE, CAN/MARC] | Ref 446 G (55509) |
| 365 ## - TRADE PRICE | |
| Currency code | Rs. |
| Price amount | 5265.00 |
| 700 ## - ADDED ENTRY--PERSONAL NAME | |
| Personal name | Schaffer J.J. |
| 906 ## - LOCAL DATA ELEMENT F, LDF (RLIN) | |
| d | O:0372803-Feb-2017B:SE/SI/370724-Jan-2017 |
| c | BSH |
| b | 2632.5 |
| Withdrawn status | Lost status | Source of classification or shelving scheme | Reference No | Damaged status | Not for loan | Home library | Current library | Date acquired | Vendor | Budget Code | Cost, normal purchase price | Bill number | Full call number | Barcode | Date last seen | Discount | Cost, replacement price | Bill Date | Koha item type | Original Barcode |
|---|---|---|---|---|---|---|---|---|---|---|---|---|---|---|---|---|---|---|---|---|
| Dewey Decimal Classification | Ref 446 G (55509) | Reference | Cummins College of Engineering for Women Pune | Cummins College of Engineering for Women Pune | 07/02/2017 | Suyog Enterprises | BSH | 3948.75 | SE/SI/3707 | 510 | CCEP-BK-55509 | 18/07/2023 | 2632.5 | 5265.00 | 24/01/2017 | Books | 055509 |